000 00483nam a2200181Ia 4500
005 20250423101514.0
008 250422s9999 xx 000 0 und d
020 _a0812378687
050 _aPN 145 .B54/
100 _aBlau, Sheridan
245 4 _aThe writers craft
260 _aEvanston
260 _bMcdougal, Littell & Co.
260 _c1994
300 _a714 p
650 _aThinkig Skills worksheets. Starting points for writing. proofreading practice.
942 _cBK
999 _c36483
_d36483